Abraham trembley of geneva : Scientist and philosopher (Record no. 1363313)

MARC details
000 -LEADER
fixed length control field 00520nam a2200181Ia 4500
005 - DATE AND TIME OF LATEST TRANSACTION
control field 20250508160255.0
008 - FIXED-LENGTH DATA ELEMENTS--GENERAL INFORMATION
fixed length control field 008 250505s9999 xx 000 0 eng d
037 ## - SOURCE OF ACQUISITION
Stock number Textual
040 ## - CATALOGING SOURCE
Original cataloging agency FEDL
Language of cataloging eng
Transcribing agency FEDL
041 ## - LANGUAGE CODE
Language code of text/sound track or separate title eng
Source of code eng
084 ## - COLON CLASSIFICATION NUMBER
Classification number 925, BAK
Assigning agency FEDL
100 ## - MAIN ENTRY--PERSONAL NAME
Personal name Baker John R
9 (RLIN) 768213
245 #0 - TITLE STATEMENT
Title Abraham trembley of geneva : Scientist and philosopher
260 ## - PUBLICATION, DISTRIBUTION, ETC.
Place of publication, distribution, etc. London, UK
Name of publisher, distributor, etc. Edward Arnold and Company
Date of publication, distribution, etc. 1952
300 ## - PHYSICAL DESCRIPTION
Extent 259p.
942 ## - ADDED ENTRY ELEMENTS (KOHA)
Koha item type Textual
Classification part 925, BAK
Holdings
Withdrawn status Lost status Damaged status Not for loan Home library Current library Date acquired Total Checkouts Full call number Barcode Date last seen Price effective from Koha item type
        Department of Education Library Department of Education Library 2025-05-08   925, BAK EL0049489 2025-05-08 2025-05-08 Textual
Copyright @ Delhi University Library System